000 00601nam a2200217 a 4500
001 BRL_709
005 20190320210849.0
008 270913s1912----gw-#######---#000-0#ger-#
041 _ager
044 _agw
050 4 _aPT553
_b.W55 1912
100 1 _aWildgans, Anton
_d1881-1932
_924706
245 1 0 _aDie Sonette an Ead
_cAnton Wildgans.
260 _aLeipzig
_bL. Staackmann
_c[1912]
300 _a36 p.
_c21 cm.
_e+ 1 folleto
500 _aAu787
500 _aEstado físico: Ejemplar con faltante en el lomo.
650 1 4 _aLiteratura Alemana
_xPoesía
_924707
902 _aGRL
942 _2lcc
_cB
999 _c9521
_d9521